Λεσβιακό ημερολόγιο 2000

Saved in:
Bibliographic Details
Main Author: Κουτζαμάνης, Αριστείδης Ιγν
Format: Book
Language:Greek
Published: Μυτιλήνη : Γραφικές Τέχνες Δούκας και Σια, 2000.
Subjects:
Tags: Add Tag
No Tags, Be the first to tag this record!

MARC

LEADER 00000nam a2200000 i 4500
001 1/27489
008 011112s2000####gr a 000 | gre||
020 |a 960-91109-1-6 
035 |l 10068444 
040 |a GR-MY-UA  |b gre  |e aacr 
041 0 |a gre 
082 0 |a 390.0949582 
100 1 |a Κουτζαμάνης, Αριστείδης Ιγν. 
245 1 0 |a Λεσβιακό ημερολόγιο 2000 /   |c Αριστ. Ιγν. Κουτζαμάνη.  
260 |a Μυτιλήνη :   |b Γραφικές Τέχνες Δούκας και Σια,   |c 2000. 
300 |a 288 σ. :   |b φωτ. ;   |c 24 εκ.  
650 0 0 |a Calendars  |z Lesbos Island (Greece) 
651 0 |a Lesbos (Greece : Municipality)  |x Social life and customs. 
852 |a INST  |b LESVOS  |e 20011112  |h 390.0949582 ΚΟΥ  |p 005100025105  |q 005100025105  |t BK  |y 0 
901 |a BIBL1-2002-3 
909 |a Λ  |b 099039 
950 |a 023-2001-11-02 
970 |a ΚΑΜΑΤΣΟΥ  |b ΔΕΣΠΟΙΝΑ  |z 2002/09/18